<?xml version="1.0" encoding="UTF-8"?><?xml-stylesheet type="text/xsl" href="static/style.xsl"?><OAI-PMH xmlns="http://www.openarchives.org/OAI/2.0/" xmlns:xsi="http://www.w3.org/2001/XMLSchema-instance" xsi:schemaLocation="http://www.openarchives.org/OAI/2.0/ http://www.openarchives.org/OAI/2.0/OAI-PMH.xsd"><responseDate>2026-04-13T01:13:00Z</responseDate><request verb="GetRecord" identifier="oai:www.recercat.cat:10256/13461" metadataPrefix="marc">https://recercat.cat/oai/request</request><GetRecord><record><header><identifier>oai:recercat.cat:10256/13461</identifier><datestamp>2024-05-22T11:12:15Z</datestamp><setSpec>com_2072_452966</setSpec><setSpec>com_2072_2054</setSpec><setSpec>col_2072_452968</setSpec></header><metadata><record xmlns="http://www.loc.gov/MARC21/slim" xmlns:dcterms="http://purl.org/dc/terms/" xmlns:xsi="http://www.w3.org/2001/XMLSchema-instance" xmlns:doc="http://www.lyncode.com/xoai" xsi:schemaLocation="http://www.loc.gov/MARC21/slim http://www.loc.gov/standards/marcxml/schema/MARC21slim.xsd">
   <leader>00925njm 22002777a 4500</leader>
   <datafield ind2=" " ind1=" " tag="042">
      <subfield code="a">dc</subfield>
   </datafield>
   <datafield ind2=" " ind1=" " tag="720">
      <subfield code="a">Castillo Cañabate, Cristina</subfield>
      <subfield code="e">author</subfield>
   </datafield>
   <datafield ind2=" " ind1=" " tag="260">
      <subfield code="c">2016-02</subfield>
   </datafield>
   <datafield ind2=" " ind1=" " tag="520">
      <subfield code="a">Des de fa unes dècades, el concepte de tether ha despertat gran interès en&#xd;
l’àmbit de l’exploració espacial. Això és degut a que els tethers poden ser&#xd;
utilitzats per satisfer moltes funcions diferents amb un pressupost molt reduït.&#xd;
Conceptualment, definim un tether com una amarra que uneix dos o més cossos&#xd;
perquè orbitin conjuntament. Aquests poden ser de molts materials i tenir&#xd;
geometries diferents. L’aplicació més rudimentària és actuar de corda salvavides&#xd;
pels astronautes durant els passejos espacials. Una aplicació de gran interès&#xd;
que s’està estudiant actualment és la de reduir la quantitat de deixalles espacials&#xd;
ja que són un problema a causa de la seva gran abundància. El ventall de&#xd;
possibles aplicacions que ofereixen els tethers és molt extens i dissenyar-ne un&#xd;
correctament per que realitzi la seva tasca amb eficàcia, requereix d’un anàlisi i&#xd;
una planificació molt estrictes degut a la precisió necessària en els càlculs.&#xd;
En aquest treball estudiarem tres models matemàtics que simulen el&#xd;
comportament d’un tether</subfield>
   </datafield>
   <datafield ind1="8" ind2=" " tag="024">
      <subfield code="a">http://hdl.handle.net/10256/13461</subfield>
   </datafield>
   <datafield tag="653" ind2=" " ind1=" ">
      <subfield code="a">Astrodinàmica</subfield>
   </datafield>
   <datafield tag="653" ind2=" " ind1=" ">
      <subfield code="a">Satèl·lits artificials</subfield>
   </datafield>
   <datafield tag="653" ind2=" " ind1=" ">
      <subfield code="a">Cables</subfield>
   </datafield>
   <datafield tag="653" ind2=" " ind1=" ">
      <subfield code="a">Astrodynamics</subfield>
   </datafield>
   <datafield tag="653" ind2=" " ind1=" ">
      <subfield code="a">Artificial satellites</subfield>
   </datafield>
   <datafield ind2="0" ind1="0" tag="245">
      <subfield code="a">Anàlisi sobre l’estabilitat dels amarratges espacials</subfield>
   </datafield>
</record></metadata></record></GetRecord></OAI-PMH>